00000000cas 2200000zi 4500
0019.901450
003CaOODSP
00520260528142623
006m     o  d f      
007cr |||||||||||
008210706d20202024oncar p o    f0###b0fre|d
022 |a2564-1182
040 |aCaOODSP|bfre|erda|cCaOODSP
043 |an-cn---
0861 |aM120-2F-PDF
1101 |aCanada. |bDirection de l'arpenteur général, |eauteur,|eorganisme de publication.
222 0|aRapport annuel |b(Canada. Direction de l'arpenteur général)
24510|aRapport annuel ... / |cDirection de l'arpenteur général.
264 1|a[Ottawa] : |bRessources naturelles Canada = Natural Resources Canada, |c2021-2024.
310 |aAnnuel
336 |atexte|btxt|2rdacontent/fre
337 |ainformatique|bc|2rdamedia/fre
338 |aressource en ligne|bcr|2rdacarrier/fre
3621 |aParaît depuis 2019/2020; ne paraît plus après 2023/2024.
500 |aPublié aussi en anglais sous le titre : Annual report ...
500 |aCertains livraisons disponible en HTML seulement.
588 |aDescription d'après : 2019/2020.
588 |aDernière livraison consultée : 2019/2020.
61016|aCanada.|bDirection de l'arpenteur général|vPériodiques.
650 6|aArpentage|zCanada|vPériodiques.
655 7|aPériodiques|2rvmgf
77508|tAnnual report ... / |w(CaOODSP)9.901448
78000|tRapport biennal.|w(CaOODSP)9.903797
78500|tRapport biennal.|w(CaOODSP)9.963154